000 00391nam a2200169Ia 4500
008 230524s9999 xx 000 0 und d
020 _a8185989362
082 _a383.122
_bSIN
100 _aK.K.Sinha
245 0 _aBusiness Communication
250 _a2ND
260 _aNEW DELHI
_bGalgotia
_c2000
300 _aXII654
500 _aQuantity Number: 5
650 _aEnglish
942 _cBK
999 _c4582
_d4582